Statistics for "Once Upon a Time in..." Movie Titles

Click here to take the quiz!

General Stats

  • This quiz has been taken 347 times
  • The average score is 4 of 8

Answer Stats

ClueOnce Upon a Time in...% Correct
A faded TV actor and his stunt double strive for fame in the last days of Tinseltown's Golden Age.
Quentin Tarantino, Leonardo DiCaprio, Brad Pitt
Once Upon a Time... in Hollywood
98%
"El Mariachi" becomes involved in international espionage involving a psychotic CIA agent and a corrupt general.
Robert Rodriguez, Antonio Banderas, Salma Hayek
Once Upon a Time in Mexico
67%
A former Prohibition-era Jewish gangster returns to Manhattan where he must confront the ghosts of his old life.
Sergio Leone, Robert De Niro, James Woods
Once Upon a Time in America
66%
A stranger joins forces with a desperado to protect a widow from an assassin working for the railroad.
Sergio Leone, Henry Fonda, Charles Bronson
Once Upon a Time in the West
62%
Wong Fei Hung trains men in martial arts to defend against foreign powers holding Hong Kong and Macau.
Hark Tsui, Jet Li, Rosamund Kwan
Once Upon a Time in China
56%
A smuggler rises to power in 1970s India, a gangster seeks to overthrow him and a police officer is caught in the middle.
Milan Luthria, Ajay Devgn, Emraan Hashmi
Once Upon a Time in Mumbai
24%
A group of men set out in search of a dead body in central Turkey. Winner of the Grand Jury Prize at Cannes.
Nuri Bilge Ceylan, Muhammet Uzuner, Yilmaz Erdogan
Once Upon a Time in Anatolia
14%
A Los Angeles detective works a beachfront neighborhood, seeking out the ruthless gang that stole his dog.
Mark Cullen, Bruce Willis, John Goodman
Once Upon a Time in Venice
12%

Score Distribution

Percentile by Number Answered

Percent of People with Each Score

Your Score History

You have not taken this quiz